00733nam a2200169Ia 4500008004100000040001800041041000800059110006200067245010000129260003600229300003700265500015500302650004600457650001100503650003200514650001700546130821s1994 ck gs spa  aCo-BoUCMbspa00aspa1 aBogotá. Departamento Administrativo del Medio Ambiente.00aParticipación comunitariac[videograbación]cDepartamento Administrativo del Medio Ambiente aBogotá (Colombia)bDAMAc1994 a1 videocasete vhs 51 min.e1 DVD aTrata de los mecanismos que la nueva constitución política de Colombia, pone en nuestras manos para hacernos responsables de nuestro propio futuro04aDesarrollo de la comunidadzColombiavDVD04aEstado04aParticipación socialvDVD04aSociología